01168nam a2200325 i 4500001000300000003000900003005001700012008003900029015001700068040003500085041001300120080000700133100004200140245012700182246003500309246004800344260005600392300003300448380001700481504001200498650002200510650001400532655001700546650002100563700003800584700004700622700003300669710004200702856009800744bgKOSZ 00520200630132831.0080210s1964 pl a f f 001 0 pol aPB 1965/3445 aWA NcKOSZ 005/RWdKOSZ 005/RW1 apolhrus a531 aÂvorskij, Boris MihajlovičeAutor10aKurs fizyki.nT. 2,pElektryczność i magnetyzm /cB. Jaworski, A. Dietłaf, L. Miłkowska ; [z ros. przeł. A. Suski].30aElektryczność i magnetyzm.1 iTyt. oryg.:aÈlektričestvo i magnetizm. aWarszawa :bPaństwowe Wydawnictwo Naukowe,c1964. a488, [3] s. :bil. ;c23 cm. aKsiążki. aIndeks. 4aElektryczność 4aMechanika 4aPodręcznik 4aElektromagnetyzm1 aDetlaf, Andrej AntonovičeAutor1 aMilkovskaâ, Lidiâ BronislavovnaeAutor1 aSuski, AndrzejeTłumaczenie2 aPaństwowe Wydawnictwo Naukowe4pbl. uhttp://koha.tu.koszalin.pl/cgi-bin/koha/opac-detail.pl?biblionumber=46988yKatalog online BPK